Konvergenz in der EG Instrumente zum ihrer Verwirklichung

Uložené v:
Podrobná bibliografia
Hlavný autor: Krämer, Hans R.
Médium: Kniha
Jazyk:German
Vydavateľské údaje: Kiel Institut für Weltwirtschaft 1984
Edícia:Arbeitspapier Nr. 215
Tagy: Pridať tag
Žiadne tagy, Buďte prvý, kto otaguje tento záznam!

MARC

LEADER 00000nam a2200000 4500
001 c114331
005 20181203150326.3
041 0 |a ger 
044 |a DE 
245 1 0 |a Konvergenz in der EG  |b Instrumente zum ihrer Verwirklichung  |c Hans R. Krämer 
264 1 |a Kiel  |b Institut für Weltwirtschaft  |c 1984 
300 |a 36 s. 
490 1 |a Arbeitspapier  |v Nr. 215 
830 0 |a Arbeitspapier  |v Nr. 215 
100 1 |a Krämer, Hans R.